00918nam a22002417a 4500999001500000001000500015003000900020005001700029008004100046020001500087020001500102040002300117082001600140245008600156260003300242300004500275650001700320650005000337650004900387942001200436952011400448952011400562 c4126d41264369BD-DhUAP20201102100240.0201102s1993 ilua b 001 0 eng  a0028005821 a0028240413 aDLCcDLCdBD-DhUAP00a510 MAT22310aMathematics :bapplications and connections : course 1 /cKay Balch ... [et al.]. aIllinois :bGlencoe,cc1993. axx, 607 pages :billustrations ;c25 cm. 0aMathematics. 0aMathematicsxStudy and teaching (Elementary). 0aMathematicsxStudy and teaching (Secondary). 2ddccBK 00102ddc4070aUAPCLbUAPCLcGeneral Stacksd2020-11-02o510 MATp3010004369r2020-11-02t1w2020-11-02yBK 00102ddc4070aUAPCLbUAPCLcGeneral Stacksd2020-11-02o510 MATp3010006706r2020-11-02t2w2020-11-02yBK